000 00498 a2200145 4500
245 _aWomen in music
_b : an anthology of source readings from the Middle Ages to the present
_hprint
020 _a155553239X (cloth :
250 _aRev. ed.
700 _aNeuls-Bates, Carol.
650 _aMUSIC
005 20191017173719.0
260 _amau
_bNortheastern University Press
_c1996
084 _aML82 .W65 1996
300 _axviii, 400 p. : ill.
_b 21 cm.
_cxviii, 400 p. : ill. ; 21 cm.
500 _aedited by Carol Neuls-Bates.
999 _c10635
_d10635